Stolice wybranych terytoriów zależnych Oceanii - Statystyki

Ogólne statystyki
  • Ten quiz został rozwiązany 23 razy
  • Średni wynik to 6 z 8
Statystyki odpowiedzi
Państwo Stolica % Poprawnych
Norfolk Kingston
92%
Niue Alofi
75%
Wyspy Cooka Avarua
75%
Nowa Kaledonia Numea
75%
Polinezja Francuska Papeete
75%
Mariany Północne Saipan
67%
Tokelau Fakaofo
58%
Samoa Amerykańskie Pago Pago
50%
Nie znaleziono quizów pasujących do podanych kryteriów
Rozkład punktacji
Procent ludzi z każdym wynikiem
Percentyl według liczby udzielonych odpowiedzi
Twoja historia wyników
Nie rozwiązałeś tego quizu